40 aéroports les plus fréquentés d'après leur code IATA - Statistiques

Statistiques générales
  • Ce quiz a été pris 463 fois
  • Le résultat moyen est 25 sur 40
Statistiques - réponses
Rang Continent Code IATA Principale ville désservie % Correct
1 Amérique ATL Atlanta
99%
8 Amérique LAX Los Angeles
90%
11 Europe CDG Paris
90%
14 Europe AMS Amsterdam
89%
15 Europe MAD Madrid
89%
7 Europe IST Istanbul
87%
13 Amérique JFK New-York
87%
17 Asie SIN Singapour
87%
2 Asie DXB Dubaï
86%
4 Europe LHR Londres
86%
16 Europe FRA Franckfort
83%
6 Amérique DEN Denver
82%
34 Amérique MEX Mexico
76%
26 Asie BKK Bangkok
75%
25 Amérique MIA Miami
72%
28 Amérique SEA Seattle
72%
33 Amérique PHX Phoenix
71%
23 Asie PEK Pékin
70%
37 Asie DOH Doha
69%
29 Amérique SFO San Francisco
69%
30 Europe BCN Barcelone
68%
10 Asie DEL New Delhi
67%
35 Asie KUL Kuala Lumpur
65%
19 Amérique LAS Las Végas
62%
5 Asie HND Tokyo
60%
27 Asie BOM Bombay
59%
3 Amérique DFW Dallas
55%
38 Asie MNL Manille
53%
9 Amérique ORD Chicago
50%
20 Asie ICN Séoul
48%
40 Amérique YYZ Toronto
48%
31 Amérique EWR New York
45%
12 Asie CAN Canton
37%
21 Asie PVG Shangaï
29%
22 Amérique CLT Charlotte
25%
36 Amérique IAH Houston
25%
18 Amérique MCO Orlando
24%
24 Asie SZX Shenzen
23%
32 Asie CGK Jakarta
17%
39 Asie TFU Chengdu
7%
Aucun quiz correspondant
Distribution des résultats
% des personnes avec chaque résultat
Percentile par nombre de réponses
Votre historique - résultats
Vous n’avez pas pris ce quiz